[Event "3rd ESNAI-ch 2018"]
[Site "Klaksvik"]
[Date "2018.04.20"]
[Round "7"]
[White "Frick, Renato"]
[Black "Berend, Fred"]
[Result "0-1"]
[WhiteElo "2062"]
[BlackElo "2357"]
[Annotator "NA RC"]
[PlyCount "154"]
[EventDate "2018.??.??"]
[EventType "tourn"]
[EventCountry "FAI"]
[SourceTitle "playchess.com"]
[Source "ChessBase"]
[SourceQuality "1"]
[TimeControl "40/5400+30:1800+30"]

1. e4 {[%emt 0:00:00]} c5 {[%emt 0:00:08]} 2. Nf3 {[%emt 0:00:00]} Nc6 {[%emt 0:00:03]} 3. Bb5 {[%emt 0:00:00]} d6 {[%emt 0:00:11]} 4. Nc3 {[%emt 0:00:42]} Bd7 {[%emt 0:00:10]} 5. d4 {[%emt 0:01:57]} cxd4 {[%emt 0:00:50]} 6. Nxd4 {[%emt 0:00:09] LiveBook: 12 Games} a6 {[%emt 0:01:06] B54: Sicilian: 2...d6 3 d4 cxd4 4 Nxd4, Unusual Lines} (6... g6 7. O-O Bg7 8. Be3 Nf6 9. Be2 O-O 10. f4 a6 11. Kh1 b5 12. Bf3 Rc8 13. Nxc6 Bxc6 14. Nd5 Nxd5 15. exd5 Bd7 16. c3 b4 17. cxb4 Bxb2 {0-1 (41) Lianes Garcia,M (2350)-Georgiev,K (2627) Roquetas de Mar 2017}) 7. Nxc6 {[%emt 0:07:42]} bxc6 {[%emt 0:00:57]} 8. Bd3 {[%emt 0:00:46]} g6 {[%emt 0:00:33]} 9. O-O {[%emt 0:00:57]} Bg7 {[%emt 0:00:06]} 10. Bd2 {[%emt 0:05:32]} Nf6 $146 {[%emt 0:00:27]} ({Predecessor:} 10... e6 11. f4 Ne7 12. Rf3 O-O 13. Qf1 f5 14. Rb1 fxe4 15. Nxe4 {0-1 (56) Senger,A-Behr,R Heimbach Weis 2002}) 11. Rb1 {[%emt 0:00:38]} O-O {[%emt 0:00:28]} 12. Qe2 {[%emt 0:00:19]} Bg4 {[%emt 0:04:55]} 13. f3 {[%emt 0:09:07]} Be6 {[%emt 0:02:19]} 14. b3 {[%emt 0:04:59]} Nd7 {[%emt 0:04:29]} 15. Na4 {[%emt 0:04:12]} Qc7 {[%emt 0:06:03]} 16. Be3 {[%emt 0:03:39]} a5 {[%emt 0:04:22]} 17. c4 {[%emt 0:04:15]} c5 {[%emt 0:03:41]} 18. Qd2 {[%emt 0:02:58]} Ne5 {[%emt 0:04:41]} 19. Bc2 {[%emt 0:04:11]} (19. Be2 $11) 19... Nc6 {[%emt 0:00:35]} 20. Nc3 {[%emt 0:00:15]} Nd4 {[%emt 0:09:35]} 21. Bd1 {[%emt 0:02:34]} Bd7 {[%emt 0:07:19]} 22. a4 {[%emt 0:07:03]} Qb6 {[%emt 0:03:14]} 23. Nd5 {[%emt 0:03:13]} Qd8 {[%emt 0:00:05]} 24. Nc3 {[%emt 0:00:08]} Bc6 {[%emt 0:01:09]} 25. Nb5 {[%emt 0:02:53]} Qb6 {[%emt 0:01:26]} 26. Bh6 {[%emt 0:03:33]} Bxh6 {[%emt 0:04:59]} 27. Qxh6 {[%emt 0:00:43]} f6 {[%emt 0:00:14]} 28. Qe3 {[%emt 0:04:36]} Rad8 {[%emt 0:02:00]} 29. Rb2 {[%emt 0:04:02]} Rd7 {[%emt 0:01:37]} 30. Rd2 {[%emt 0:00:53] e} e5 {[%emt 0:00:36]} 31. Bc2 {[%emt 0:07:44]} Qd8 {[%emt 0:00:16]} 32. Bb1 {[%emt 0:04:10]} Rg7 {[%emt 0:01:46]} 33. Kh1 {[%emt 0:02:22]} Kh8 {[%emt 0:05:43] g} 34. g4 {[%emt 0:01:02]} (34. Qe1 $15) 34... Be8 {[%emt 0:10:41]} 35. Rg2 {[%emt 0:02:39]} Qe7 {[%emt 0:00:39]} (35... g5 $17) 36. Qc3 {[%emt 0:02:03]} Qd8 {[%emt 0:00:25]} 37. Qe3 {[%emt 0:00:12]} Kg8 {[%emt 0:00:55]} 38. Rfg1 {[%emt 0:00:19]} Bc6 {[%emt 0:00:51]} 39. Rg3 {[%emt 0:01:43]} Kf7 {[%emt 0:00:49]} 40. Qd3 {[%emt 0:00:00]} Ke8 {[%emt 0:01:45] Qe} 41. Qe3 {[%emt 0:05:33]} Kd7 {[%emt 0:03:17]} ({Better is} 41... h5 $17) 42. R1g2 {[%emt 0:06:15]} Rgf7 {[%emt 0:01:31]} 43. Rd2 {[%emt 0:03:35]} Kc8 {[%emt 0:01:46]} 44. Kg1 {[%emt 0:07:00]} Rh8 {[%emt 0:00:18]} 45. f4 {[%emt 0:03:48] [#]} g5 $1 {[%emt 0:01:24]} 46. f5 {[%emt 0:05:32]} h5 {[%emt 0:00:18]} 47. h3 {[%emt 0:03:23]} Rfh7 {[%emt 0:00:17]} 48. gxh5 {[%emt 0:00:26]} Bxb5 {[%emt 0:00:11]} 49. axb5 {[%emt 0:00:19]} Rxh5 {[%emt 0:00:22]} 50. Bd3 {[%emt 0:01:00]} Rh4 {[%emt 0:05:51]} 51. Bf1 {[%emt 0:00:23]} R8h7 {[%emt 0:00:13]} 52. Ra2 {[%emt 0:00:36]} Rf4 {[%emt 0:00:53]} 53. Bg2 {[%emt 0:00:42]} Ra7 {[%emt 0:00:23]} 54. Qd3 {[%emt 0:00:56]} Kc7 {[%emt 0:00:32]} 55. Rg4 {[%emt 0:02:25]} Kb6 {[%emt 0:00:56]} 56. Qe3 {[%emt 0:00:38]} Qa8 {[%emt 0:00:34]} 57. Qe1 {[%emt 0:00:17]} (57. Rg3 $15) 57... Rf3 {[%emt 0:10:59]} 58. Rg3 {[%emt 0:00:55]} Rxb3 {[%emt 0:00:36]} 59. Rxb3 {[%emt 0:00:26]} Nxb3 {[%emt 0:00:05]} 60. Qd1 {[%emt 0:00:06]} Nd4 {[%emt 0:00:28]} 61. Qh5 {[%emt 0:00:01]} a4 {[%emt 0:03:51]} 62. Ra3 {[%emt 0:00:07]} Qg8 {[%emt 0:01:49]} 63. Qd1 {[%emt 0:00:06]} Qxc4 {[%emt 0:00:37]} 64. Bf1 {[%emt 0:00:08]} Qc2 {[%emt 0:01:07] Qh} 65. Qh5 {[%emt 0:00:36]} Qxe4 {[%emt 0:04:55]} 66. Qe8 {[%emt 0:01:37]} Qa8 {[%emt 0:00:25]} 67. Qg6 {[%emt 0:00:24] Qf} Qf8 {[%emt 0:01:10]} 68. Bc4 {[%emt 0:00:20]} Ka5 {[%emt 0:00:53]} 69. Qh5 {[%emt 0:00:43]} g4 {[%emt 0:00:21]} 70. hxg4 {[%emt 0:01:32]} Kb4 {[%emt 0:01:08]} 71. Qh3 {[%emt 0:00:56]} Kxc4 {[%emt 0:00:18]} 72. Qd3+ {[%emt 0:00:12]} Kd5 {[%emt 0:01:14]} 73. b6 {[%emt 0:00:19]} Ra5 {[%emt 0:00:41]} 74. Qd2 {[%emt 0:00:20]} Rb5 {[%emt 0:00:29]} 75. Qg2+ {[%emt 0:00:37]} e4 {[%emt 0:00:20]} 76. Qa2+ {[%emt 0:00:05]} Kc6 {[%emt 0:01:04]} 77. Rxa4 {[%emt 0:00:21] Q} Qh6 {[%emt 0:01:14]} 0-1

[Event "3rd ESNAI-ch 2018"]
[Site "Klaksvik"]
[Date "2018.04.20"]
[Round "7"]
[White "Kirby, Peter J"]
[Black "Belzo, Krzysztof"]
[Result "1/2-1/2"]
[WhiteElo "1985"]
[BlackElo "2103"]
[Annotator "NA"]
[PlyCount "58"]
[EventDate "2018.??.??"]
[EventType "tourn"]
[EventCountry "FAI"]
[SourceTitle "playchess.com"]
[Source "ChessBase"]
[SourceQuality "1"]
[TimeControl "40/5400+30:1800+30"]

1. e4 {[%emt 0:00:00]} g6 {[%emt 0:00:34]} 2. d4 {[%emt 0:00:00]} Bg7 {[%emt 0:00:04]} 3. Nf3 {[%emt 0:00:00]} c5 {[%emt 0:00:25]} 4. c4 {[%emt 0:00:24]} cxd4 {[%emt 0:03:40]} 5. Nxd4 {[%emt 0:00:07]} Nc6 {[%emt 0:00:42]} 6. Be3 {[%emt 0:00:27]} d6 {[%emt 0:00:09]} 7. Nc3 {[%emt 0:01:05]} Nf6 {[%emt 0:00:05]} 8. Be2 {[%emt 0:00:23]} Bd7 {[%emt 0:00:38]} 9. O-O {[%emt 0:00:39]} O-O {[%emt 0:00:49]} 10. Qd2 {[%emt 0:00:27]} Nxd4 {[%emt 0:02:57]} 11. Bxd4 {[%emt 0:00:08]} Bc6 {[%emt 0:00:02]} 12. f3 {[%emt 0:00:19]} a5 {[%emt 0:00:34]} 13. b3 {[%emt 0:03:40]} Nd7 {[%emt 0:00:04]} 14. Be3 {[%emt 0:00:19]} Nc5 {[%emt 0:00:12]} 15. Rab1 {[%emt 0:00:14]} Qb6 $14 {[%emt 0:02:44] LiveBook: 637 Games} 16. Rfc1 {[%emt 0:01:07]} Rfc8 {[%emt 0:01:29]} 17. Rc2 {[%emt 0:00:44]} Qd8 {[%emt 0:04:44]} 18. Bf1 {[%emt 0:00:15]} h5 {[%emt 0:00:32]} 19. Nd5 Bxd5 {[%emt 0:11:49]} 20. exd5 {[%emt 0:10:40]} Kh7 {[%emt 0:03:53]} 21. Re1 {[%emt 0:10:12]} Qf8 {[%emt 0:16:02]} 22. Qf2 Bf6 {[%emt 0:05:29]} 23. Rd1 {[%emt 0:07:08]} Qg7 {[%emt 0:03:50]} 24. Qd2 Rc7 {[%emt 0:04:49]} 25. g3 {[%emt 0:02:25]} b6 {[%emt 0:01:42]} 26. Kh1 {[%emt 0:04:06]} Qf8 {[%emt 0:00:30]} 27. Bd3 {[%emt 0:02:30]} Bg7 {[%emt 0:00:30]} 28. Kg2 {[%emt 0:00:58]} Bh6 {[%emt 0:01:07]} 29. f4 {[%emt 0:00:30]} f5 {[%emt 0:00:32]} 1/2-1/2

[Event "3rd ESNAI-ch 2018"]
[Site "Klaksvik"]
[Date "2018.04.21"]
[Round "8"]
[White "Ziska, Helgi Dam"]
[Black "Berend, Fred"]
[Result "1-0"]
[WhiteElo "2549"]
[BlackElo "2357"]
[Annotator "TA"]
[PlyCount "69"]
[EventDate "2018.??.??"]
[EventType "tourn"]
[EventCountry "FAI"]
[SourceTitle "playchess.com"]
[Source "ChessBase"]
[SourceQuality "1"]

{[%evp 14,69,68,41,48,29,36,12,17,13,10,12,15,19,38,26,31,14,10,17,14,14,153,144,154,141,135,132,151,154,303,39,293,284,271,181,239,185,315,275,445,435,418,456,717,717,1082,943,29986,29987,29987,29988,29992,29993,29993,29994,29994,29995]} 1. e4 e5 2. Nf3 Nc6 3. Bb5 g6 4. c3 a6 5. Ba4 Bg7 (5... d6 6. d4 Bd7 7. O-O Bg7 8. Re1 Nf6 9. h3 O-O 10. Bc2 Re8 11. Nbd2 b6 12. Nf1 h6 13. Ng3 Qe7 14. Be3 Qf8 15. Qd2 Rad8 16. Rad1 Na7 {0-1 (42) Hou,Y (2652)-Caruana,F (2802) chess.com INT 2017}) 6. d4 {C70: Ruy Lopez: 3...a6 4 Ba4, Norwegian and Delayed Schliemann} b5 7. Bb3 d6 8. O-O {LiveBook: 4 Games. White is slightly better.} Bb7 9. Re1 Nf6 10. Nbd2 {[%cal Bb1d2,Bd2f1,Bf1e3,Be3g4][%mdl 32]} O-O 11. Nf1 Qe7 $146 ({Predecessor:} 11... Ne7 12. Ng3 Nd7 13. h4 h6 14. Be3 Kh8 15. Qd2 {1-0 (60) Bogdanov,D (2175)-Rasmussen,M Copenhagen 1999}) 12. Bg5 h6 13. Bh4 Na5 14. Bc2 c5 15. Ne3 cxd4 16. cxd4 exd4 17. Nxd4 Rac8 {[#]} (17... Rfe8 $11) 18. Ng4 $1 $16 Nc4 19. Qf3 Ne5 20. Nxf6+ Kh8 21. Qe3 Bxf6 (21... Nc4 $16 22. Qf3 Ne5) 22. Qxh6+ $18 Kg8 {[#]} 23. Nf5 $1 {[%cal Rf5e7]} Qe6 24. Bb3 d5 25. Rad1 $40 {[%cal Rd1d5][%mdl 128] Rxd5 is the strong threat. White is out for blood.} Rfd8 (25... Rfe8 {was necessary.}) 26. Ne3 Qe7 $2 (26... Bg7 27. Qf4 (27. exd5 Qd6 $18) 27... Rd7 28. Bxd5 Bxd5) 27. Bxf6 Qxf6 28. Bxd5 Rc7 (28... Bxd5 $142 29. Nxd5 Qe6) 29. f4 Nc4 30. Bxc4 {Threatening mate with Rxd8+.} bxc4 31. e5 {White mates.} Qe7 32. Ng4 Rxd1 33. Nf6+ Qxf6 34. exf6 {[%csl Gf6][%cal Rh6g7]} Rxe1+ 35. Kf2 {Precision: White = 68%, Black = 53%.} 1-0

[Event "3rd ESNAI-ch 2018"]
[Site "Klaksvik"]
[Date "2018.04.21"]
[Round "8"]
[White "Aloma Vidal, Robert"]
[Black "Kirby, Peter J"]
[Result "1-0"]
[WhiteElo "2440"]
[BlackElo "1985"]
[Annotator "TA"]
[PlyCount "53"]
[EventDate "2018.??.??"]
[EventType "tourn"]
[EventCountry "FAI"]
[SourceTitle "playchess.com"]
[Source "ChessBase"]
[SourceQuality "1"]

{[%evp 24,52,27,20,38,6,11,18,19,0,38,37,43,32,98,79,119,124,118,122,134,132,471,436,406,299,29996,29997,29998,29999,29999]} 1. e4 c5 2. c3 Nf6 3. e5 Nd5 4. d4 cxd4 5. Nf3 d6 6. cxd4 e6 7. Bc4 {[%cal Bf1c4,Bc4b3,Bb3c2][%mdl 32]} Nc6 8. O-O Be7 9. Bd2 {B22: Sicilian: 2 c3} (9. exd6 Qxd6 10. Nc3 O-O 11. Re1 Rd8 12. a3 a6 13. Be3 Nxe3 14. fxe3 b6 15. Rc1 Bb7 16. Ba2 Rac8 17. Ne4 Qd7 18. Nfg5 Bxg5 19. Nxg5 {½-½ (34) Jones,G (2640)-Svidler,P (2768) Wijk aan Zee 2018}) 9... O-O 10. Nc3 Nb6 11. Bb3 dxe5 12. dxe5 Na5 13. Bc2 {LiveBook: 19 Games} Nac4 14. Qe2 {White wants to play Qe4.} Nxd2 15. Nxd2 Nd5 16. Nde4 Nxc3 $146 ({Predecessor:} 16... Qc7) 17. Nxc3 Qb6 18. Rad1 Rd8 ({Better is} 18... g6 $14) 19. Rxd8+ $16 Bxd8 20. Rd1 $1 {[%cal Rd1d6]} Be7 21. Ne4 $40 {[%mdl 128] Nf6+! is the strong threat. White is out for blood.} Qc7 22. Qd3 g6 $2 {[%mdl 8192] [#]} (22... Kf8 $16 {is tougher.}) 23. Nf6+ $1 $18 Kh8 24. Qd2 {Qh6 would kill now.} Qxe5 $2 {[#]} (24... Bf8 $18 25. Qd8 Qe7) 25. Qh6 $1 {[%csl Gf6][%cal Rh6h7] White mates.} Qxf6 {[#]} 26. Rd8+ $1 {[%mdl 512]} Bxd8 27. Qf8# {Precision: White = 84%, Black = 23%.} 1-0

[Event "3rd ESNAI-ch 2018"]
[Site "Klaksvik"]
[Date "2018.04.21"]
[Round "8"]
[White "Berg, Olaf"]
[Black "Frick, Renato"]
[Result "1-0"]
[WhiteElo "2235"]
[BlackElo "2062"]
[Annotator "NA"]
[PlyCount "51"]
[EventDate "2018.??.??"]
[EventType "tourn"]
[EventCountry "FAI"]
[SourceTitle "playchess.com"]
[Source "ChessBase"]
[SourceQuality "1"]
[TimeControl "40/5400+30:1800+30"]

1. d4 {[%emt 0:01:19]} Nf6 {[%emt 0:00:13]} 2. Nf3 {[%emt 0:00:13]} g6 {[%emt 0:00:11]} 3. c4 {[%emt 0:01:09]} Bg7 {[%emt 0:00:22]} 4. Nc3 {[%emt 0:01:51]} d6 {[%emt 0:00:22]} 5. Bg5 {[%emt 0:06:56]} Nbd7 {[%emt 0:01:29]} 6. h3 {[%emt 0:01:41] E61: King's Indian: Early deviations for White, including Smyslov System} (6. e3 h6 7. Bh4 g5 8. Bg3 Nh5 9. Bd3 e6 10. Nd2 Ndf6 11. Qb3 b6 12. O-O-O Bb7 13. f3 Nxg3 14. hxg3 Qe7 15. Nde4 Nxe4 16. Bxe4 c6 {0-1 (54) Tran,T (2538)-Van Foreest,J (2616) Tarvisio 2017}) 6... O-O {[%emt 0:06:49] LiveBook: 14 Games} 7. Qd2 {[%emt 0:05:26]} c5 {[%emt 0:05:09]} 8. d5 {[%emt 0:01:34]} Ne5 {[%emt 0:03:04]} 9. Nxe5 {[%emt 0:00:51]} dxe5 {[%emt 0:00:07]} 10. e4 {[%emt 0:07:06]} Ne8 {[%emt 0:01:02]} 11. h4 $146 {[%emt 0:05:30]} ({Find the theoretical novelty and annotate with similar games:} 11. O-O-O Nd6 12. g4 a6 13. Kb1 Bd7 14. f3 {0-1 (54) Niemela,T-Juurikainen,J Finland 2000}) 11... h5 {[%emt 0:06:00]} 12. f3 {[%emt 0:03:43]} f6 {[%emt 0:13:49]} 13. Be3 {[%emt 0:05:34]} b6 {[%emt 0:01:28]} 14. g4 {[%emt 0:01:32]} hxg4 {[%emt 0:01:00]} 15. h5 {[%emt 0:00:41]} gxh5 {[%emt 0:00:21]} 16. Rxh5 {[%emt 0:00:34]} Nd6 {[%emt 0:00:57]} ({Weaker is} 16... gxf3 17. O-O-O $15) 17. Bh6 {[%emt 0:01:23]} Nf7 {[%emt 0:00:27]} 18. Be3 {[%emt 0:05:55]} gxf3 {[%emt 0:17:10]} 19. O-O-O {[%emt 0:05:03]} Bg4 {[%emt 0:06:11]} 20. Rh4 {[%emt 0:00:40]} Qd7 {[%emt 0:01:31]} 21. Bd3 $18 {[%emt 0:07:06]} f2 {[%emt 0:04:39]} 22. Rdh1 {[%emt 0:06:02]} f5 {[%emt 0:01:21]} 23. Qxf2 {[%emt 0:12:39]} fxe4 {[%emt 0:10:11]} 24. Qg2 {[%emt 0:02:01]} Bf3 {[%emt 0:05:59]} 25. Qg6 {[%emt 0:00:50]} Rfe8 {[%emt 0:03:13]} 26. Rh7 {[%emt 0:00:30]} 1-0

[Event "3rd ESNAI-ch 2018"]
[Site "Klaksvik"]
[Date "2018.04.21"]
[Round "8"]
[White "Klerides, Paris"]
[Black "Efimov, Igor"]
[Result "0-1"]
[WhiteElo "2183"]
[BlackElo "2407"]
[Annotator "TA"]
[PlyCount "80"]
[EventDate "2018.??.??"]
[EventType "tourn"]
[EventCountry "FAI"]
[SourceTitle "playchess.com"]
[Source "ChessBase"]
[SourceQuality "1"]

{[%evp 23,80,-11,-7,-9,0,-8,72,0,0,0,16,12,29,31,21,0,0,-2,0,-33,-28,-10,-29,-22,-14,-17,-18,-19,-19,-10,9,-8,108,9,10,0,0,0,103,31,33,48,88,0,0,-8,-8,-8,-8,-9,-21,-4822,-4706,-29962,-29963,-29991,-29992,-29992,-29993]} 1. e4 e6 2. d4 d5 3. Nc3 Nf6 4. e5 Nfd7 5. f4 c5 6. Nf3 a6 7. Be3 Qb6 8. Na4 Qa5+ 9. c3 cxd4 10. b4 Qc7 11. Bxd4 Nc6 {C11: French: Classical System: 4 e5 and 4 Bg5 dxe4} 12. a3 (12. Rc1 b5 13. Nb2 Nb6 14. Bf2 Nc4 15. Nxc4 dxc4 16. Be2 Bb7 17. O-O Rd8 18. Qc2 Be7 19. a4 {0-1 (40) Handke,F (2514)-Naiditsch,A (2684) Germany 2017}) 12... Be7 {LiveBook: 4 Games} 13. Qd2 O-O $146 {The position is equal.} ({Predecessor:} 13... b5 14. Nb2 Nxd4 15. cxd4 Nb6 16. Nd3 Nc4 17. Qc3 a5 18. Nc5 O-O 19. Bd3 {1-0 (62) Herman,M (2149)-Bagirov,R (2484) ICC INT 2009}) 14. Bd3 f6 (14... b5 $11 15. Nb2 Nxd4 16. Nxd4 Nb6) 15. Qe3 (15. O-O $16) 15... b5 16. Nc5 $1 {[%cal Rc5e6]} Nxc5 17. Bxc5 Bxc5 18. Qxc5 {And now Bxh7+! would win.} Bd7 {[%cal Rf6e5]} 19. Qe3 {[#]} g5 $1 {[%mdl 512]} 20. g3 (20. O-O {is more complex.} gxf4 21. Qxf4 Nxe5 22. Bxh7+ Kxh7 23. Qh4+) (20. fxg5 fxe5) 20... fxe5 21. fxe5 {[#]} Rxf3 $1 {[%mdl 512]} 22. Qxf3 Nxe5 23. Qe3 $1 {[%cal Re3g5]} Qxc3+ 24. Ke2 {Bxh7+! is the strong threat.} Qb2+ 25. Qd2 Qxd2+ 26. Kxd2 Be8 27. Be2 d4 (27... Rd8 $11 {remains equal.}) 28. Rac1 (28. Rhc1 $16) 28... Bc6 $11 29. Rhe1 Bd5 30. Rc7 a5 (30... Rf8 $11 31. Rf1 Rxf1 32. Bxf1 Nf3+ 33. Kc1 Nxh2) 31. Rec1 (31. Bh5 $1 $16 Nc4+ 32. Kd3) 31... Nc4+ 32. Bxc4 Bxc4 {[#]} 33. R1xc4 ({White should play} 33. a4 $1 $16 {[%cal Ra4b5][%mdl 512] Black must now prevent axb5.} axb4 (33... bxa4 34. R1xc4) 34. axb5 Bxb5 35. Rb7) 33... bxc4 $14 {[%cal Bb5c4,Bc4c3][%mdl 4128] Endgame KR-KR} 34. b5 {aiming for b6.} Rb8 35. a4 c3+ 36. Kd3 e5 {Hoping for ...Rd8.} 37. Re7 $2 {[%mdl 8192]} (37. Rc5 $11) 37... Rc8 $19 38. Kc2 d3+ {[%cal Bd4d3,Bd3d2][%mdl 32] Black mates.} 39. Kc1 d2+ 40. Kc2 Rd8 {Precision: White = 25%, Black = 54%.} 0-1

[Event "3rd ESNAI-ch 2018"]
[Site "Klaksvik"]
[Date "2018.04.21"]
[Round "8"]
[White "Belzo, Krzysztof"]
[Black "Theocharous, Stelios"]
[Result "1-0"]
[WhiteElo "2103"]
[BlackElo "2099"]
[Annotator "NA"]
[PlyCount "59"]
[EventDate "2018.??.??"]
[EventType "tourn"]
[EventCountry "FAI"]
[SourceTitle "playchess.com"]
[Source "ChessBase"]
[SourceQuality "1"]
[TimeControl "40/5400+30:1800+30"]

1. c4 e5 2. g3 Nf6 3. Bg2 d5 4. cxd5 Nxd5 5. Nc3 Nb6 6. e3 c5 7. Nge2 Nc6 8. O-O Be7 9. f4 O-O 10. f5 g6 11. g4 Bh4 12. Ne4 Nd5 13. Nxc5 b6 14. Qa4 Ncb4 15. a3 bxc5 16. axb4 Bd7 17. Qa5 Qg5 18. Qxc5 Nf6 19. Qxe5 Qxg4 20. Qf4 Qxe2 21. Qxh4 Kg7 22. b3 Rab8 23. Bb2 Rb6 24. fxg6 fxg6 25. Bd4 Qxd2 26. Rxa7 Rd6 27. Qf4 Rxd4 28. Qxd4 Qxd4 29. exd4 Rb8 30. Rxf6 1-0

[Event "3rd ESNAI-ch 2018"]
[Site "Klaksvik"]
[Date "2018.04.22"]
[Round "9"]
[White "Efimov, Igor"]
[Black "Ziska, Helgi Dam"]
[Result "1/2-1/2"]
[WhiteElo "2407"]
[BlackElo "2549"]
[Annotator "TA"]
[PlyCount "17"]
[EventDate "2018.??.??"]
[EventType "tourn"]
[EventCountry "FAI"]
[SourceTitle "playchess.com"]
[Source "ChessBase"]
[SourceQuality "1"]

{[%evp 16,17,13,0]} 1. d4 Nf6 2. Nc3 d5 3. Bf4 g6 4. e3 Bg7 5. Nb5 Na6 6. Nc3 $146 {D00: 1 d4 d5: Unusual lines} ({Predecessor:} 6. h3 c6 7. Nc3 Qb6 8. Rb1 O-O 9. Bd3 Nb4 10. Nf3 Nxd3+ 11. cxd3 {½-½ (26) Rapport,R (2707)-Grischuk,A (2772) Riadh 2017}) 6... Nb8 7. Nb5 Na6 8. Nc3 Nb8 9. Nb5 {LiveBook: 25 Games} 1/2-1/2

[Event "3rd ESNAI-ch 2018"]
[Site "Klaksvik"]
[Date "2018.04.22"]
[Round "9"]
[White "Berend, Fred"]
[Black "Berg, Olaf"]
[Result "1-0"]
[WhiteElo "2357"]
[BlackElo "2235"]
[Annotator "NA"]
[PlyCount "39"]
[EventDate "2018.??.??"]
[EventType "tourn"]
[EventCountry "FAI"]
[SourceTitle "playchess.com"]
[Source "ChessBase"]
[SourceQuality "1"]
[TimeControl "40/5400+30:1800+30"]

{[%evp 12,39,28,-7,26,32767,32767,32767,32767,38,51,45,51,39,32767,32767,32767,169,170,206,266,275,558,597,777,32767,788,775,1037,931]} 1. d4 {[%emt 0:00:00]} Nf6 {[%emt 0:00:22]} 2. c4 {[%emt 0:00:00]} e6 {[%emt 0:00:47]} 3. g3 {[%emt 0:00:00]} c5 {[%emt 0:00:50]} 4. Nf3 {[%emt 0:00:00]} cxd4 {[%emt 0:00:42]} 5. Nxd4 {[%emt 0:00:00]} Nc6 {[%emt 0:01:26]} 6. Bg2 {[%emt 0:00:21]} Qb6 {[%emt 0:06:36]} 7. Nb3 {[%emt 0:02:17] LiveBook: 76 Games} Qb4+ {[%emt 0:03:56]} 8. N3d2 {[%emt 0:04:04]} d5 {[%emt 0:00:57]} 9. a3 {[%emt 0:01:07]} Qa5 {[%emt 0:01:38]} 10. O-O {[%emt 0:01:35]} Be7 {[%emt 0:10:30]} 11. b4 {[%emt 0:02:35]} Qc7 {[%emt 0:04:27]} 12. Nc3 {[%emt 0:12:09]} dxc4 {[%emt 0:05:39]} 13. Nxc4 {[%emt 0:11:50]} Nxb4 {[%emt 0:06:07]} 14. Qb3 {[%emt 0:00:37]} Nbd5 {[%emt 0:10:39] [#]} 15. Nb5 $1 {[%emt 0:00:37]} Qc5 {[%emt 0:05:29] [#]} 16. a4 $1 {[%emt 0:01:09]} Qc6 $2 {[%emt 0:17:49] Ba} (16... O-O {might work better.} 17. Ba3 Nb4) 17. Ba3 {[%emt 0:01:40]} Bd7 {[%emt 0:20:15]} 18. Bxe7 {[%emt 0:02:55]} Kxe7 {[%emt 0:00:29]} 19. Qa3+ {[%emt 0:00:23]} Ke8 {[%emt 0:00:50]} 20. Rac1 $18 {[%emt 0:02:06]} 1-0

[Event "3rd ESNAI-ch 2018"]
[Site "Klaksvik"]
[Date "2018.04.22"]
[Round "9"]
[White "Theocharous, Stelios"]
[Black "Aloma Vidal, Robert"]
[Result "0-1"]
[WhiteElo "2099"]
[BlackElo "2440"]
[Annotator "TA"]
[PlyCount "42"]
[EventDate "2018.??.??"]
[EventType "tourn"]
[EventCountry "FAI"]
[SourceTitle "playchess.com"]
[Source "ChessBase"]
[SourceQuality "1"]

{[%evp 28,42,38,-4,0,0,0,0,-2,-384,-387,-381,-375,-376,-380,-569,-402]} 1. e4 e5 2. Nf3 Nc6 3. Bb5 a6 4. Ba4 Nf6 5. O-O Be7 6. Re1 b5 7. Bb3 O-O 8. c3 d5 9. exd5 Nxd5 10. Nxe5 Nxe5 11. Rxe5 c6 12. d3 Bd6 13. Re1 Bf5 14. Qf3 Re8 {C89: Closed Ruy Lopez: Marshall Attack} (14... Qh4 15. g3 Qh3 16. Be3 Bxd3 17. Nd2 Qf5 18. Bd4 Rfe8 19. a4 h6 20. Qxf5 Bxf5 21. Nf3 Be6 22. Be5 {½-½ (30) Caruana,F (2811)-Svidler,P (2768) Wijk aan Zee 2018}) 15. Be3 {[#] LiveBook: 4 Games} Qd7 $146 {[#] Threatens to win with ...Bg4.} ({Predecessor:} 15... Nxe3 16. Rxe3 Rxe3 17. Qxe3 Bxd3 18. Nd2 Qd7 19. Re1 Kf8 20. Qf3 Bg6 21. Rd1 Re8 22. Nf1 {0-1 (71) Kovalenko,I (2640)-Kravtsiv,M (2665) Tbilisi 2017}) 16. Bxd5 cxd5 {The position is equal.} 17. g3 Bxd3 18. Qxd5 $2 {[%mdl 8192]} (18. Nd2 $11 {and White is okay.}) 18... Be4 $19 19. Qh5 Re5 20. Qe2 Bb7 {[#] ...Qc6 is the strong threat.} ({And not} 20... Qh3 21. Qf1 $15) 21. b4 (21. Nd2 {was the only chance.} Bc5 22. Rad1) 21... Rae8 0-1